Höchster Berg jedes europäischen Landes - Statistiken

Allgemein
  • Dieses Quiz wurde 74 mal gespielt
  • Das Durchschnittsergebnis liegt bei 19 aus 46
Antworten auf der Karte
Die Antworten werden auf der Karte rot bzw. grün angezeigt, abhängig davon wie oft sie richtig erraten wurden.
 
Antwortstatistiken
Antwort % Korrekt
Großglockner
88%
Mont Blanc
88%
Vatikanischer Hügel
88%
Zugspitze
88%
Olymp
85%
Elbrus
77%
Ben Nevis
75%
Pico del Teide
67%
Dufourspitze
65%
Hvannadalshnúkur
65%
Gran Paradiso
56%
Galdhøpiggen
54%
Vordere Grauspitze
54%
Kékes
50%
Ponta do Pico
50%
Monte Titano
46%
Møllehøj
44%
Haltitunturi
42%
Schneekoppe
42%
Vaalserberg
42%
Moldoveanu
40%
Triglav
37%
Carrauntoohil
35%
Signal de Botrange
35%
Gerlachovský štít
33%
Aukštojas
31%
Dinara
29%
Rysy
29%
Suur Munamägi
29%
Dealul Bălănești
27%
Kebnekaise
27%
Maglić
27%
Dsjarschynskaja Hara
25%
Gaiziņkalns
25%
Howerla
25%
Korab
25%
Mont Agel
23%
Musala
23%
Korab
21%
Comapedrosa
17%
Midžor
17%
Rudoka
15%
Kneiff
13%
Ta’ Dmejrek
13%
Zla Kolata
13%
Olympos
10%
Keine übereinstimmenden Quizze gefunden
Verteilung der Resultate
Anzahl Personen mit jedem Resultat
Perzentil nach korrekt beantworteten Fragen
Ihre Resultats-Entwicklung
Sie haben dieses Quiz noch nicht gespielt